ARRUPE JESUIT UNIVERSITY

CORONAVIRUS -STOP THE SPREAD - CLEAN,DISINFECT,COVER

The challenge for Africa / (Record no. 127672)

MARC details
000 -LEADER
fixed length control field 02000cam a2200361 a 4500
001 - CONTROL NUMBER
control field 15470339
003 - CONTROL NUMBER IDENTIFIER
control field ARRUPE
005 - DATE AND TIME OF LATEST TRANSACTION
control field 20180315143512.0
008 - FIXED-LENGTH DATA ELEMENTS--GENERAL INFORMATION
fixed length control field 080930s2009 nyu b 001 0 eng
010 ## - LIBRARY OF CONGRESS CONTROL NUMBER
LC control number 2008043017
020 ## - INTERNATIONAL STANDARD BOOK NUMBER
International Standard Book Number 9780307377401
020 ## - INTERNATIONAL STANDARD BOOK NUMBER
International Standard Book Number 0307377407
035 ## - SYSTEM CONTROL NUMBER
System control number (OCoLC)236339678
035 ## - SYSTEM CONTROL NUMBER
System control number (OCoLC)ocn236339678
040 ## - CATALOGING SOURCE
Original cataloging agency DLC
Transcribing agency DLC
Modifying agency BTCTA
-- BAKER
-- YDXCP
-- MLY
-- C#P
-- BWX
-- CDX
-- VP@
-- DLC
043 ## - GEOGRAPHIC AREA CODE
Geographic area code f------
050 00 - LIBRARY OF CONGRESS CALL NUMBER
Classification number DT30.5
Item number .M22 2009
082 00 - DEWEY DECIMAL CLASSIFICATION NUMBER
Classification number 320.6096
Edition number 22
300 ## - PHYSICAL DESCRIPTION
Dimensions 22 cm.
100 1# - MAIN ENTRY--PERSONAL NAME
Personal name Maathai, Wangari.
9 (RLIN) 40703
245 14 - TITLE STATEMENT
Title The challenge for Africa /
Statement of responsibility, etc Wangari Maathai.
Remainder of title a new vision
260 ## - PUBLICATION, DISTRIBUTION, ETC. (IMPRINT)
Place of publication, distribution, etc London :
Name of publisher, distributor, etc William Heinemann,
Date of publication, distribution, etc c2009.
300 ## - PHYSICAL DESCRIPTION
Extent 319 p. ;
504 ## - BIBLIOGRAPHY, ETC. NOTE
Bibliography, etc Includes bibliographical references (p. [303]-304) and index.
505 0# - FORMATTED CONTENTS NOTE
Formatted contents note Introduction: On the wrong bus -- The farmer of Yaoundé -- A legacy of woes -- Pillars of good governance : the three-legged stool -- Aid and the dependency syndrome -- Deficits : indebtedness and unfair trade -- Leadership -- Moving the social machine -- Culture : the missing link? -- The crisis of national identity -- Embracing the micro-nations -- Land ownership : whose land is it, anyway? -- Environment and development -- Saving the Congo forests -- The African family.
650 #0 - SUBJECT ADDED ENTRY--TOPICAL TERM
Topical term or geographic name as entry element Political leadership
Geographic subdivision Africa.
9 (RLIN) 40704
651 #0 - SUBJECT ADDED ENTRY--GEOGRAPHIC NAME
Geographic name Africa
General subdivision Politics
Chronological subdivision 1960-
9 (RLIN) 40705
651 #0 - SUBJECT ADDED ENTRY--GEOGRAPHIC NAME
Geographic name Africa
General subdivision Social conditions
Chronological subdivision 1960-
9 (RLIN) 40706
856 42 - ELECTRONIC LOCATION AND ACCESS
Materials specified Publisher description
Uniform Resource Identifier <a href="http://www.loc.gov/catdir/enhancements/fy0910/2008043017-d.html">http://www.loc.gov/catdir/enhancements/fy0910/2008043017-d.html</a>
856 42 - ELECTRONIC LOCATION AND ACCESS
Materials specified Contributor biographical information
Uniform Resource Identifier <a href="http://www.loc.gov/catdir/enhancements/fy0910/2008043017-b.html">http://www.loc.gov/catdir/enhancements/fy0910/2008043017-b.html</a>
856 41 - ELECTRONIC LOCATION AND ACCESS
Materials specified Sample text
Uniform Resource Identifier <a href="http://www.loc.gov/catdir/enhancements/fy0910/2008043017-s.html">http://www.loc.gov/catdir/enhancements/fy0910/2008043017-s.html</a>
906 ## - LOCAL DATA ELEMENT F, LDF (RLIN)
a 7
b cbc
c orignew
d 1
e ecip
f 20
g y-gencatlg
942 ## - ADDED ENTRY ELEMENTS (KOHA)
Source of classification or shelving scheme Library of Congress Classification
Koha item type Monograph ( Printed materials)
Holdings
Withdrawn status Lost status Source of classification or shelving scheme Damaged status Not for loan Collection code Home library Current library Shelving location Date acquired Total Checkouts Full call number Barcode Date last seen Date checked out Price effective from Koha item type
    Library of Congress Classification     Main Collection ARRUPE LIBRARY ARRUPE LIBRARY Main Collection 15/03/2018 1 DT30.5 .M22 2009 46600000190 11/05/2026 15/01/2026 15/03/2018 Monograph ( Printed materials)

 

Arrupe Library. PO Box MP320 Mt Pleasant, Harare, Zimbabwe
263 242 745411|librarian@aju.ac.zw